000 00527nam a2200205Ia 4500
005 20250508162039.0
008 008 250505s9999 xx 000 0 eng d
020 _a0-7291-0008 1
037 _aTextual
040 _aFEDL
_beng
_cFEDL
041 _aeng
_2eng
084 _a155.4, DUN
_qFEDL
100 _aDunn Judy
245 0 _aDistress and comfort
260 _aLondon, UK
_bOpen Books
_c1977
300 _a026p
650 _aChild psychology
942 _cTEXL
_h155.4, DUN
999 _c1374055
_d1374055